Statistiques concernant Toutes les communes de la Guyane sur une carte

Cliquez ici pour prendre le quiz!

Statistiques générales

  • Ce quiz a été pris 102 fois
  • Le résultat moyen est 9 sur 22

Réponses sur la Carte

Les réponses sont colorées sur une échelle allant du rouge au vert en fonction du pourcentage des utilisateurs qui les ont devinées à leur premier essai. Vous pouvez retrouver ces pourcentages ci-dessous.
 

Statistiques - réponses

PopulationCommune% Correct
63 468Cayenne
100%
24 612Kourou
88%
50 250Saint-Laurent-du-Maroni
86%
9 177Maripasoula
63%
34 810Matoury
49%
4 505Saint-Georges
46%
27 274Remire-Montjoly
42%
11 764Mana
36%
1 707Iracoubo
32%
2 830Sinnamary
32%
1 655Régina
31%
3 409Roura
31%
317Saül
31%
18 847Tonate-Macouria
29%
9 818Apatou
27%
5 606Papaichton
27%
1 516Awala-Yalimapo
25%
2 146Camopi
25%
9 120Grand-Santi
22%
3 295Montsinéry-Tonnegrande
20%
241Saint-Élie
20%
251Ouanary
17%

Distribution des résultats

Percentile par nombre de réponses

% des personnes avec chaque résultat

Votre développement - résultats

Vous n’avez pas pris ce quiz